000 00396cam a2200181ua 4500
001 8157
008 150109n ii |||gr||||Z||||||hin
040 _cMAIN
041 _ahin
082 _a891.433
100 _aPremchand,
_eAuthor.
245 1 _aAajad-katha
_cBy Premchand
250 _a1st.
260 _aDelhi:
_bSarswati,
_c1984.
300 _a546p.
653 _aHindi novels
942 _cBK
999 _c7272
_d7272